000 00739nam a2200289Ia 4500
005 20260324124528.0
008 008 260324s9999 xx 000 0 eng d
020 _a9781315700489
037 _aEBOOK
040 _aCRL
040 _beng
040 _cCRL
041 _2eng
041 _aeng
084 _qCRL
100 _aSteven J. Hoffman
_91174511
245 0 _aTeaching the Humanities Online: A Practical Guide to the Virtual Classroom
245 2 _bA Practical Guide to the Virtual Classroom
260 _bTaylor and Francis
260 _c2010
365 _a
365 _b230
856 _uhttp://www.taylorfrancis.com/books/9781315700489
942 _cEBOOK
999 _c1768953
_d1768953